Podium du Ballon d'Or de 2000 à 2025 - Statistiques

Statistiques générales
  • Ce quiz a été pris 143 fois
    120 depuis la dernière actualisation
  • Le résultat moyen est 34 sur 51
Statistiques - réponses
Joueur % Correct
Cristiano Ronaldo
100%
Lionel Messi
100%
Ousmane Dembélé
99%
Ronaldo
98%
Luka Modrić
97%
Kylian Mbappé
96%
Rodri
96%
Karim Benzema
94%
Lamine Yamal
94%
Vinícius Júnior
93%
Kaká
91%
Zinedine Zidane
91%
Erling Haaland
90%
Robert Lewandowski
89%
Neymar
86%
Andrés Iniesta
84%
Ronaldinho
84%
Franck Ribéry
83%
Vitinha
81%
Xavi
80%
Manuel Neuer
78%
Fabio Cannavaro
77%
Antoine Griezmann
76%
Virgil van Dijk
73%
Thierry Henry
71%
Pavel Nedvěd
70%
Sadio Mané
69%
Rivaldo
68%
Jude Bellingham
65%
Andriy Shevchenko
64%
Kevin De Bruyne
63%
Luís Figo
63%
Gianluigi Buffon
62%
Oliver Kahn
62%
Michael Owen
59%
Jorginho
53%
Roberto Carlos
50%
Steven Gerrard
44%
Frank Lampard
42%
David Beckham
41%
Paolo Maldini
41%
George Weah
40%
Fernando Torres
37%
Raúl
34%
Matthias Sammer
33%
Deco
32%
Davor Šuker
23%
Alan Shearer
15%
Jürgen Klinsmann
11%
Jari Litmanen
8%
Predrag Mijatović
8%
Aucun quiz correspondant
Distribution des résultats
% des personnes avec chaque résultat
Percentile par nombre de réponses
Votre historique - résultats
Vous n’avez pas pris ce quiz depuis la dernière actualisation